Tôn giáo ở Trung Quốc : 100 câu hỏi và trả lời
Zapisane w:
| 1. autor: | |
|---|---|
| Format: | Książka |
| Język: | Undetermined |
| Wydane: |
Hà Nội
Tôn giáo
2003
|
| Hasła przedmiotowe: | |
| Etykiety: |
Dodaj etykietę
Nie ma etykietki, Dołącz pierwszą etykiete!
|
| Thư viện lưu trữ: | Trung tâm Học liệu Trường Đại học Cần Thơ |
|---|
| LEADER | 00624nam a2200217Ia 4500 | ||
|---|---|---|---|
| 001 | CTU_91954 | ||
| 008 | 210402s9999 xx 000 0 und d | ||
| 020 | |c 19000 | ||
| 082 | |a 299.51 | ||
| 082 | |b V121 | ||
| 100 | |a Lữ, Vân | ||
| 245 | 0 | |a Tôn giáo ở Trung Quốc : | |
| 245 | 0 | |b 100 câu hỏi và trả lời | |
| 245 | 0 | |c Lữ Vân; Nguyễn Thị Bạch Tuyết; Phạm Văn Chương | |
| 260 | |a Hà Nội | ||
| 260 | |b Tôn giáo | ||
| 260 | |c 2003 | ||
| 650 | |a China | ||
| 650 | |x Religions | ||
| 904 | |i Nguyên | ||
| 980 | |a Trung tâm Học liệu Trường Đại học Cần Thơ | ||